000 00520nam a2200205Ia 4500
008 170918s9999 xx 000 0 und d
020 _a9780545387606
050 _bS889 2012
100 _aStoudemire, Amar'e
245 _aDouble team /
245 _cby Amar'e Stoudemire ; illustrated by Tim Jessell.
260 _aNew York :
260 _bScholastic,
260 _c2012
300 _a140 pages :
300 _billustrations ;
300 _c19cm.
300 _eStanding tall and talented.
500 _a560
999 _c343266
_d343266